000
00307nam a2200133Ia 4500
100
_a
Microsoft Corporation
942
_c
BK
654
_a
Fox pro quick reference Ms dos
245
_a
Fox Pro Quick Reference-MS-Dos
260
_b
Microsoft
082
_a
005.7565 'F P'
546
_a
ENGLISH
999
_c
20821
_d
20821